[Event "Noisiel op 5th"]
[Site "Noisiel"]
[Date "2020.02.19"]
[Round "7"]
[White "Delmas Goyon, Francois"]
[Black "Helfer, Remi"]
[Result "1/2-1/2"]
[WhiteElo "1902"]
[BlackElo "2017"]
[PlyCount "47"]
[EventDate "2020.02.15"]
[EventType "swiss"]
[EventRounds "9"]
[EventCountry "FRA"]
[SourceTitle "CBM 195 Extra"]
[Source "ChessBase"]
[SourceDate "2020.05.31"]
[SourceVersion "1"]
[SourceVersionDate "2020.05.31"]
[SourceQuality "1"]

1. e4 e5 2. Nf3 Nc6 3. Bb5 a6 4. Ba4 Nf6 5. Qe2 b5 6. Bb3 Be7 7. c3 0-0 8. 0-0 d6 9. d4 Bg4 10. d5 Nb8 11. h3 Bh5 12. a4 Nbd7 13. axb5 axb5 14. Na3 Nxe4 15. Qxe4 Nc5 16. Qc2 Bxf3 17. gxf3 Bg5 18. f4 exf4 19. f3 Qf6 20. Bd2 Bh4 21. Kh1 Rfe8 22. Nxb5 Rxa1 23. Rxa1 Bf2 24. Nxc7 1/2-1/2

[Event "Noisiel op 5th"]
[Site "Noisiel"]
[Date "2020.02.16"]
[Round "2"]
[White "Delmas Goyon, Francois"]
[Black "Mota, Pankit"]
[Result "1/2-1/2"]
[WhiteElo "1902"]
[BlackElo "2048"]
[PlyCount "67"]
[EventDate "2020.02.15"]
[EventType "swiss"]
[EventRounds "9"]
[EventCountry "FRA"]
[SourceTitle "CBM 195 Extra"]
[Source "ChessBase"]
[SourceDate "2020.05.31"]
[SourceVersion "1"]
[SourceVersionDate "2020.05.31"]
[SourceQuality "1"]

1. e4 e6 2. d4 d5 3. Nd2 Nf6 4. e5 Nfd7 5. Bd3 c5 6. c3 Nc6 7. Ndf3 cxd4 8. cxd4 Bb4+ 9. Bd2 Qa5 10. Ne2 f6 11. exf6 Bxd2+ 12. Qxd2 Qxd2+ 13. Kxd2 gxf6 14. Nf4 Kf7 15. Rhe1 Nf8 16. Rac1 Bd7 17. a3 Ng6 18. Nxg6 hxg6 19. h4 Rac8 20. b4 Ne7 21. g3 Rhe8 22. Rh1 Rxc1 23. Rxc1 Rc8 24. Rc3 Ng8 25. Rxc8 Bxc8 26. Ng1 e5 27. dxe5 fxe5 28. Ne2 Nf6 29. f3 Be6 30. Nc3 a6 31. Na4 Nh5 32. g4 Nf4 33. Nc5 Bc8 34. Bf1 1/2-1/2